Against all odds : the feminist movement in Mexico to 1940 /

Bibliographic Details
Main Author: Macías, Anna
Format: Book
Language:English
Published: Westport, Conn. : Greenwood Press, 1982.
Series:Contributions in women's studies ; no. 30.
Subjects:

MARC

Tag First Indicator Second Indicator Subfields
LEADER 00000pam a2200000 a 4500
001 in00000087425
005 20151008062943.0
008 810421s1982 ctu b 00110 eng
010 |a  81006201  
020 |a 0313230285 (lib. bdg.) 
035 |a (OCoLC)07735224 
035 |9 AAK1275AM 
039 0 |a 2  |b 3  |c 3  |d 3  |e 3 
040 |a DLC  |c DLC  |d TXA  |d UtOrBLW 
043 |a n-mx--- 
049 |a TXAM  |c [985692] 
050 0 0 |a HQ1462  |b  M32 1982 
082 0 |a 305.4/2/0972  |2 19 
100 1 |a Macías, Anna. 
245 1 0 |a Against all odds :  |b the feminist movement in Mexico to 1940 /  |c  Ann Macias. 
264 1 |a Westport, Conn. :  |b Greenwood Press,  |c 1982. 
300 |a xv, 195 pages ;  |c 22 cm. 
336 |a text  |b txt  |2 rdacontent 
337 |a unmediated  |b n  |2 rdamedia 
338 |a volume  |b nc  |2 rdacarrier 
490 1 |a Contributions in women's studies,  |x 0147-104X ;  |v no. 30 
500 |a Includes index. 
504 |a Bibliography: pages [159]-181. 
650 0 |a Feminism  |z Mexico  |x History. 
650 0 |a Women  |z Mexico  |x Social conditions. 
830 0 |a Contributions in women's studies ;  |v no. 30. 
999 |a MARS 
999 f f |s 3825684f-77fe-3dfd-a33d-e4aaf7f604b5  |i 0eecaa20-28a1-3e4b-8cc1-09670e3253b5  |t 0 
952 f f |p normal  |a Texas A&M University  |b College Station  |c Sterling C. Evans Library  |d Evans: Library Stacks  |t 0  |e HQ1462 .M32 1982  |h Library of Congress classification  |i unmediated -- volume  |m A14805976627 
998 f f |a HQ1462 .M32 1982  |t 0  |l Evans: Library Stacks